000 00731nam a2200241Ia 4500
003 OSt
005 20220925221652.0
006 a|||||r|||| 00| 0
007 ta
008 220923b |||||||| |||| 00| 0 eng d
020 _a026219452x
_c1224.16
037 _b65687/
_24.95, 30/11/2000, IBD
_cGeneral Book
040 _aRTL
_cRTL
_beng
041 _2eng
_aeng
082 _aX.4.N9, P0
100 _aWoo W. T.
_9286882
245 0 _aAsian financial crisis
_b Lessons for a resilient Asia
260 _aLondon
_bMIT Press
_c2000
300 _ax,280p.
_ccm.
541 _24.95, 30/11/2000, IBD
650 _aFinancial Crisis
_9286883
942 _hX.4.N9, P0
_cGB
_2CC
999 _c575026
_d575026